Ján Alexander Rotarides

Titel: Ján Alexander Rotarides : (1822 - 1900) ; život a dielo / Miroslav Lukáč
Verfasser:
Veröffentlicht: Krupina : Kultúrne centrum, 2012
Umfang: 127 Seiten : Illustrationen
Format: Buch
Sprache: Tschechisch
ISBN: 9788097126018
Buchumschlag
X
Lokale Klassifikation: 24 7 J
alg: 33155196
001A    $03004:20-09-13 
001B    $01999:09-06-23 $t21:01:23.000 
001D    $03004:12-11-13 
001U    $0utf8 
001X    $00 
002@    $0Aau 
002C    $aText $btxt $2rdacontent 
002D    $aohne Hilfsmittel zu benutzen $bn $2rdamedia 
002E    $aBand $bnc $2rdacarrier 
003@    $0331551969 
004A    $A978-80-971260-1-8 
007A    $0331551969 $aHEB 
007G    $0DE020F485192EDBA8256DC1257C2900481828 
009P    $qapplication/pdf $A2 $3Inhaltsverzeichnis $uhttp://scans.hebis.de/HEBCGI/show.pl?33155196_toc.pdf $mV:DE-603;B:DE-Mb50 
010@    $acze 
011@    $a2012 
021A    $aJán Alexander Rotarides $d(1822 - 1900) ; život a dielo $hMiroslav Lukáč 
028A    $BVerfasser $4aut $7 $8Lukáč, Miroslav [Tnu] $9319939367 
033A    $pKrupina $nKultúrne centrum 
034D    $a127 Seiten 
034M    $aIllustrationen 
037A    $aLiteraturverzeichnis Seite 96 - 112 
045F    $a900.9437309034 $eDDC23BSB 
045F/01 $a900 
045F/03 $f09034 
045F/03 $f09041 
045F/03 $g4373 
046L    $aZusammenfassung in deutscher Sprache 

lok: 33155196 24
101B    $012-11-13 $t18:32:25.000 
101C    $012-11-13 
101U    $0utf8 
145Z/01 $a24 7 J 

exp: 33155196 24 1 #EPN
201B/01 $012-11-13 $t18:32:25.000 
201C/01 $020-09-13 
201U/01 $0utf8 
203@/01 $0720240913 
208@/01 $a12-11-13 $bz 
209A/01 $a13.07511 $du $f050 $h13 07511 $x00 
209C/01 $a13.07511 T $h13 07511 T 
209G/01 $a73042798 $x00 
220C/01 $akon 
244Z/01 $71044016523 $8--Tp1--Rotarides, Ján Alexander$Z1822-1900 $x01 $9333504437 
247C/01 $8358050-7 Marburg, Bibliothek des Herder-Instituts Marburg $9102600961
LEADER 00000cam a2200000 c 4500
001 331551969
003 DE-603
005 20230609210123.0
007 tu
008 130920s2012 xx |||| | u00||u|cze c
020 |a 9788097126018 
035 |a (DE-599)HEB331551969 
040 |a DE-603  |b ger  |c DE-603  |d DE-603 
041 |a cze 
082 0 4 |8 1\u  |a 900.9437309034  |q DE-101  |2 23/BSB 
085 |8 1\u  |b 900 
085 |8 1\u  |z 1  |s 09034 
085 |8 1\u  |z 1  |s 09041 
085 |8 1\u  |z 2  |s 4373 
100 1 |a Lukáč, Miroslav  |e Verfasser  |4 aut  |0 (DE-603)319939367 
245 0 0 |a Ján Alexander Rotarides  |b (1822 - 1900) ; život a dielo  |c Miroslav Lukáč 
264 1 |a Krupina  |b Kultúrne centrum  |c 2012 
300 |a 127 Seiten  |b Illustrationen 
336 |a Text  |b txt  |2 rdacontent 
337 |a ohne Hilfsmittel zu benutzen  |b n  |2 rdamedia 
338 |a Band  |b nc  |2 rdacarrier 
500 |a Literaturverzeichnis Seite 96 - 112 
546 |a Zusammenfassung in deutscher Sprache 
856 4 2 |m V:DE-603;B:DE-Mb50  |q application/pdf  |u http://scans.hebis.de/HEBCGI/show.pl?33155196_toc.pdf  |3 Inhaltsverzeichnis 
924 0 |9 Mb 50  |a (DE-603)720240913  |b DE-Mb50  |c HES  |d c  |g 13.07511